Core curriculum for medical-surgical nursing / (Record no. 510)

MARC details
000 -LEADER
fixed length control field 00870nam a22002417a 4500
003 - CONTROL NUMBER IDENTIFIER
control field OSt
005 - DATE AND TIME OF LATEST TRANSACTION
control field 20210220152002.0
008 - FIXED-LENGTH DATA ELEMENTS--GENERAL INFORMATION
fixed length control field 210220b ||||| |||| 00| 0 eng d
020 ## - INTERNATIONAL STANDARD BOOK NUMBER
International Standard Book Number 9780979502996
020 ## - INTERNATIONAL STANDARD BOOK NUMBER
International Standard Book Number 0979502993
040 ## - CATALOGING SOURCE
Original cataloging agency PHNSL
Transcribing agency PHNSL
245 ## - TITLE STATEMENT
Title Core curriculum for medical-surgical nursing /
Statement of responsibility, etc. editor, Heather Craven.
246 ## - VARYING FORM OF TITLE
Title proper/short title AMSN, Academy of Medical-Surgical Nurses :
Remainder of title nurses nurturing nurses
250 ## - EDITION STATEMENT
Edition statement 4th ed.
260 ## - PUBLICATION, DISTRIBUTION, ETC.
Place of publication, distribution, etc. Pittman, N.J. :
Name of publisher, distributor, etc. Academy of Medical-Surgical Nurses,
Date of publication, distribution, etc. 2009.
300 ## - PHYSICAL DESCRIPTION
Extent xii, 545 p. :
Other physical details ill.
504 ## - BIBLIOGRAPHY, ETC. NOTE
Bibliography, etc. note Includes bibliographical references and index.
650 ## - SUBJECT ADDED ENTRY--TOPICAL TERM
Topical term or geographic name entry element Surgical nursing.
Form subdivision Nursing.
General subdivision Perioperative Nursing - education.
650 ## - SUBJECT ADDED ENTRY--TOPICAL TERM
Topical term or geographic name entry element Curriculum.
Form subdivision Nursing Assessment.
General subdivision Nursing Care.
700 ## - ADDED ENTRY--PERSONAL NAME
Personal name Craven, Heather.
710 ## - ADDED ENTRY--CORPORATE NAME
Corporate name or jurisdiction name as entry element Academy of Medical-Surgical Nurses.
942 ## - ADDED ENTRY ELEMENTS (KOHA)
Source of classification or shelving scheme Library of Congress Classification
Koha item type Books
Holdings
Withdrawn status Lost status Source of classification or shelving scheme Damaged status Not for loan Home library Current library Shelving location Date acquired Total Checkouts Full call number Barcode Date last seen Copy number Price effective from Koha item type Public note
    Library of Congress Classification     Public Health Nurses School Public Health Nurses School General Stacks 02/20/2021   RD99.35 C81 01016 02/20/2021 c.1 02/20/2021 Books kd 20/02/21
    Library of Congress Classification     Public Health Nurses School Public Health Nurses School General Stacks 02/20/2021   RD99.35 C81 01017 02/20/2021 c.2 02/20/2021 Books kd 20/02/21
    Library of Congress Classification     Public Health Nurses School Public Health Nurses School General Stacks 02/20/2021   RD99.35 C81 01018 02/20/2021 c.3 02/20/2021 Books kd 20/02/21
    Library of Congress Classification     Public Health Nurses School Public Health Nurses School General Stacks 02/20/2021   RD99.35 C81 01019 02/20/2021 c.4 02/20/2021 Books kd 20/02/21
    Library of Congress Classification     Public Health Nurses School Public Health Nurses School General Stacks 02/20/2021   RD99.35 C81 01020 02/20/2021 c.5 02/20/2021 Books kd 20/02/21
    Library of Congress Classification     Public Health Nurses School Public Health Nurses School General Stacks 02/20/2021   RD99.35 C81 01021 02/20/2021 c.6 02/20/2021 Books kd 20/02/21
    Library of Congress Classification     Public Health Nurses School Public Health Nurses School General Stacks 02/20/2021   RD99.35 C81 01022 02/20/2021 c.7 02/20/2021 Books kd 20/02/21
    Library of Congress Classification     Public Health Nurses School Public Health Nurses School General Stacks 02/20/2021   RD99.35 C81 01023 02/20/2021 c.8 02/20/2021 Books kd 20/02/21
    Library of Congress Classification     Public Health Nurses School Public Health Nurses School General Stacks 02/20/2021   RD99.35 C81 01024 02/20/2021 c.9 02/20/2021 Books kd 20/02/21
    Library of Congress Classification     Public Health Nurses School Public Health Nurses School General Stacks 02/20/2021   RD99.35 C81 01025 02/20/2021 c.10 02/20/2021 Books kd 20/02/21
Copyright © 2025 PHNS Library. All Rights Reserved.